[Event "ICS Rated blitz match"]
[Site "207.99.83.227"]
[Date "1999.03.25"]
[Round "?"]
[White "Hossa"]
[Black "attakinski"]
[Result "1/2-1/2"]
[WhiteElo "2429"]
[BlackElo "2570"]
[PlyCount "101"]

1. e4 e5 2. Nf3 Nc6 3. Bb5 a6 4. Ba4 Nf6 5. O-O Nxe4 6. d4 b5 7. Bb3 d5 8. dxe5
Be6 9. Nbd2 Nc5 10. a4 Be7 11. axb5 axb5 12. Rxa8 Qxa8 13. Qe2 b4 14. Rd1 O-O
15. Qe3 Qa6 16. Qf4 Ra8 17. Rf1 Qb6 18. Kh1 Na5 19. Nd4 Ncxb3 20. N2xb3 Nxb3
21. Nxb3 c5 22. Qf3 c4 23. Nd2 Ra2 24. Qd1 Bc5 25. f4 Bf5 26. Nf3 Qb7 27. Ne1
Ra1 28. Qd2 Qb6 29. c3 Be4 30. f5 Ra2 31. f6 bxc3 32. Qg5 g6 33. bxc3 Qc6 34.
Qh6 Bf8 35. Qh3 h5 36. Qg3 Bc5 37. Qg5 d4 38. e6 Re2 39. e7 Bd5 40. Qg3 Bd6 41.
Bf4 Bxf4 42. Rxf4 d3 43. Nf3 Qa8 44. Rd4 Kh7 45. h3 Qb7 46. Re4 Bxe4 47. Ng5+
Kh6 48. Nxf7+ Kh7 49. Ng5+ Kh6 50. Nf7+ Kh7 51. Ng5+ {
Game drawn by mutual agreement} 1/2-1/2

[Event "ICS rated blitz match"]
[Site "207.99.83.227"]
[Date "1999.03.25"]
[Round "?"]
[White "WhiteHorse"]
[Black "Hossa"]
[Result "0-1"]
[WhiteElo "2424"]
[BlackElo "2435"]
[PlyCount "68"]

1. d4 Nf6 2. e3 e6 3. f4 c5 4. Nf3 cxd4 5. exd4 Bb4+ 6. c3 Be7 7. Bd3 b6 8. Qe2
O-O 9. O-O Bb7 10. Nbd2 Nc6 11. a3 Rc8 12. h3 Nh5 13. Bxh7+ Kxh7 14. Ng5+ Bxg5
15. Qxh5+ Bh6 16. Ne4 d5 17. Ng5+ Kg8 18. f5 exf5 19. Rxf5 Qe8 20. Nf3 Bxc1 21.
Rxc1 g6 22. Qg5 f6 23. Qg4 Qe3+ 24. Kh2 Qh6 25. Rf1 Ne7 26. Rf4 Kh8 27. Nh4 Ba6
28. R1f2 f5 29. Qf3 Rce8 30. g3 Bc8 31. Rg2 g5 32. Nxf5 Bxf5 33. Re2 gxf4 34.
gxf4 34... Be4 {WhiteHorse resigns} 0-1

[Event "ICS rated blitz match"]
[Site "207.99.83.227"]
[Date "1999.03.25"]
[Round "?"]
[White "WhiteHorse"]
[Black "Hossa"]
[Result "1/2-1/2"]
[WhiteElo "2409"]
[BlackElo "2450"]
[PlyCount "88"]

1. d4 Nf6 2. e3 e6 3. f4 c5 4. Nf3 cxd4 5. exd4 Bb4+ 6. c3 Be7 7. Bd3 O-O 8.
O-O b6 9. Qe2 Bb7 10. Nbd2 Nc6 11. a3 Rc8 12. Ne5 d6 13. Nef3 Qc7 14. Ng5 d5
15. Qe3 Bd6 16. g3 Qe7 17. Ngf3 Ng4 18. Qe2 Kh8 19. Kg2 Rc7 20. h3 Nf6 21. Ne5
Rcc8 22. Kh2 Rg8 23. Rg1 Rge8 24. g4 Ng8 25. Ndf3 Rf8 26. g5 Na5 27. Qf2 Nb3
28. Rb1 Nxc1 29. Rbxc1 f6 30. Qh4 Nh6 31. gxh6 g5 32. Nxg5 fxg5 33. Rxg5 Bxe5
34. dxe5 Rf7 35. Rcg1 Bc6 36. Qg4 Qf8 37. Qxe6 Rxf4 38. R1g2 Rf3 39. R5g3 Rxg3
40. Rxg3 Qf2+ 41. Rg2 Qf4+ 42. Kg1 Qc1+ 43. Kh2 Qf4+ 44. Kg1 44... Qc1+ {
Game drawn by mutual agreement} 1/2-1/2

[Event "ICS rated blitz match"]
[Site "207.99.83.227"]
[Date "1999.03.25"]
[Round "?"]
[White "WhiteHorse"]
[Black "Hossa"]
[Result "0-1"]
[WhiteElo "2411"]
[BlackElo "2448"]
[PlyCount "52"]

1. d4 Nf6 2. e3 e6 3. f4 c5 4. Nf3 cxd4 5. exd4 Bb4+ 6. c3 Be7 7. Bd3 b6 8. O-O
O-O 9. Qe2 Bb7 10. Nbd2 Nc6 11. a3 Rc8 12. Ne5 d6 13. Nef3 Qc7 14. Ng5 d5 15.
g3 Bd6 16. Ngf3 Qd7 17. Ne5 Qe7 18. h3 Kh8 19. Rf2 Rc7 20. Rg2 Rfc8 21. g4 Nxd4
22. Qe1 Nc6 23. g5 Bxe5 24. fxe5 Ne4 25. Nxe4 Nxe5 26. Bc2 26... Nf3+ {
WhiteHorse resigns} 0-1

[Event "ICS rated blitz match"]
[Site "207.99.83.227"]
[Date "1999.03.25"]
[Round "?"]
[White "WhiteHorse"]
[Black "Hossa"]
[Result "0-1"]
[WhiteElo "2397"]
[BlackElo "2462"]
[PlyCount "86"]

1. d4 Nf6 2. e3 e6 3. Bd3 Be7 4. f4 O-O 5. Nf3 b6 6. O-O Bb7 7. Nbd2 d5 8. c3
c5 9. Ne5 Nc6 10. Qe2 Rc8 11. Rf3 cxd4 12. exd4 Bd6 13. Rh3 Qe7 14. g4 h6 15.
Rg3 Rc7 16. g5 hxg5 17. Rxg5 Rfc8 18. Rg3 Nxd4 19. Qf2 Nc6 20. Ndf3 Ne4 21.
Bxe4 dxe4 22. Ng5 Bxe5 23. fxe5 Nxe5 24. Rh3 Nf3+ 25. Nxf3 exf3 26. Rg3 Qf6 27.
Bg5 Qf5 28. Rf1 Kh8 29. Bc1 Be4 30. Rg5 Qh3 31. Re1 f6 32. Rg3 Qf5 33. h3 e5
34. Rg4 Bd5 35. Kh2 Bxa2 36. Reg1 Rd7 37. Be3 Kg8 38. R1g3 e4 39. Rf4 Qe5 40.
Rgg4 Be6 41. Rg3 Rcd8 42. Bd4 Qxf4 43. Kg1 43... Rxd4 {WhiteHorse resigns} 0-1

[Event "ICS rated blitz match"]
[Site "207.99.83.227"]
[Date "1999.03.25"]
[Round "?"]
[White "WhiteHorse"]
[Black "Hossa"]
[Result "0-1"]
[WhiteElo "2384"]
[BlackElo "2475"]
[PlyCount "86"]

1. d4 Nf6 2. e3 e6 3. Bd3 Be7 4. f4 O-O 5. Nf3 b6 6. O-O Bb7 7. Nbd2 d5 8. c3
c5 9. Qe2 Nc6 10. Ne5 Rc8 11. g4 cxd4 12. exd4 Kh8 13. g5 Ne4 14. Nxe4 Nxe5 15.
dxe5 dxe4 16. Bxe4 Bxe4 17. Qxe4 Qd7 18. Be3 Rcd8 19. Qf3 Qb5 20. Qf2 Qd3 21.
Rfe1 Kg8 22. Re2 Qf5 23. Rf1 Rd3 24. Rd2 Rfd8 25. Rfd1 Qg4+ 26. Qg2 Qxd1+ 27.
Rxd1 Rxd1+ 28. Kf2 R1d2+ 29. Bxd2 Rxd2+ 30. Kg3 Rxg2+ 31. Kxg2 Bc5 32. Kf3 a5
33. a3 a4 34. Ke4 b5 35. h3 Kf8 36. Kd3 Ke7 37. c4 bxc4+ 38. Kxc4 Be3 39. b3
axb3 40. Kxb3 Bxf4 41. h4 Bg3 42. Kc4 Bxh4 43. Kd4 43... Bxg5 {
WhiteHorse resigns} 0-1

[Event "ICS rated blitz match"]
[Site "207.99.83.227"]
[Date "1999.03.25"]
[Round "?"]
[White "WhiteHorse"]
[Black "Hossa"]
[Result "1-0"]
[WhiteElo "2361"]
[BlackElo "2498"]
[Annotator "Crafty v16.6"]
[PlyCount "74"]

{annotating for player Hossa using a scoring margin of +0.10 pawns. search
time limit is 12.00} 1. d4 1... Nf6 2. e3 e6 3. Bd3 Be7 4. f4 O-O ({9:-0.17} 
4... O-O 5. c3 c5 6. Nf3 Nc6 7. Nbd2 cxd4 8. cxd4 Nb4 9. Bc4 $10) ({9:+0.12} 
4... c5 5. c3 Nc6 6. Nf3 cxd4 7. cxd4 Nb4 8. Nc3 Nxd3+ 9. Qxd3 Ng4 10. O-O $10)
5. Nf3 b6 ({9:-0.28} 5... b6 6. c3 c5 7. O-O Bb7 8. Nbd2 Ng4 9. Nc4 9... Nc6
$10) ({9:-0.07} 5... c5 6. c3 Nc6 7. O-O d6 8. Bb5 Ng4 9. Bxc6 bxc6 10. Ng5
Bxg5 11. Qxg4 $10) 6. O-O Bb7 7. Nbd2 d5 ({9:-0.43} 7... d5 8. Ng5 c5 9. c3
cxd4 10. cxd4 Nc6 11. Nb3 Rc8 12. Bd2 $14) ({9:-0.32} 7... c5 8. c3 cxd4 9.
cxd4 Nc6 10. Ng5 Nb4 11. Bc4 Rc8 12. Qe2 $14) 8. c3 c5 9. Ne5 Nc6 10. Qe2 Rc8 (
{8:-0.24} 10... Rc8 11. Nxc6 Bxc6 12. Nf3 cxd4 13. cxd4 Ne4 14. Ne5 Qd6 15.
Nxc6 15... Rxc6 $10) ({8:-0.04} 10... Nxe5 11. dxe5 Ne4 12. Nxe4 dxe4 13. Bb5
Bh4 14. Rd1 Bd5 15. Qh5 $10) 11. a3 cxd4 ({9:-0.24} 11... cxd4 12. Nxc6 Bxc6
13. cxd4 Qd6 14. b4 Ne4 15. Qh5 Rfd8 16. Nxe4 16... dxe4 $10) ({9:+0.01} 11...
Nxe5 12. fxe5 Ne4 13. Bxe4 dxe4 14. Qg4 cxd4 15. cxd4 Rc2 16. Nxe4 Qd5 17. Rf4
$10) 12. exd4 Bd6 13. Rf3 Qe8 14. Rh3 Qe7 ({8:-5.20} 14... Qe7 15. Bxh7+ Kh8
16. Bg6+ Kg8 17. Bxf7+ Qxf7 18. Nxf7 Rxf7 19. Rh4 19... Re8 $18) ({8:+0.09} 
14... h6 15. Re3 Ne7 16. Rb1 a5 17. Bb5 Nc6 18. a4 $10) 15. Ndf3 Na5 16. Ng5
Nb3 17. Rb1 h6 18. Ngf3 Ne4 19. Nd2 Nxc1 20. Rxc1 Bxe5 21. fxe5 Nxd2 22. Qxd2
Bc6 23. Rg3 Qh4 24. Rf1 Rfd8 25. Rf4 Qe7 26. Rfg4 g5 27. h4 Kg7 28. hxg5 h5 29.
Rf4 Rg8 30. Rf6 Rh8 31. g6 Qb7 32. Rxf7+ Kg8 33. Qf4 Qe7 34. Rxe7 Rf8 35. Rf7
Rc8 36. g7 Rh6 37. Rf8+ Rxf8 1-0

[Event "ICS rated bullet match"]
[Site "207.99.83.227"]
[Date "1999.03.25"]
[Round "?"]
[White "TDChess"]
[Black "Hossa"]
[Result "1-0"]
[WhiteElo "2520"]
[BlackElo "2439"]
[Annotator "Crafty v16.6"]
[PlyCount "53"]

{annotating for player Hossa using a scoring margin of +0.10 pawns. search
time limit is 12.00} 1. Nf3 1... Nc6 2. e4 Nf6 3. e5 Ng4 4. d4 d6 5. Bb5 dxe5
6. h3 e4 7. hxg4 exf3 8. Bxc6+ bxc6 9. Qxf3 Bb7 10. Be3 Rb8 ({9:-0.49} 10...
Rb8 11. Nc3 e6 12. O-O-O Bb4 13. Rd3 O-O 14. Qe4 14... h6 $14) ({9:-0.26} 10...
e6 11. Nd2 Qd5 12. Rh5 Qxf3 13. Nxf3 Bb4+ 14. Bd2 Be7 15. Ng5 15... Rd8 $10)
11. Nc3 e6 12. O-O-O Bb4 13. Bf4 c5 14. Qg3 Bxc3 ({8:-1.87} 14... Bxc3 15. Bxc7
Bxb2+ 16. Kxb2 Bxg2+ 17. Bxb8 Bxh1 18. Rxh1 Qb6+ 19. Kc1 19... cxd4 $18) ({
8:-1.45} 14... Rc8 15. dxc5 Qf6 16. Be5 Qg5+ 17. f4 Qg6 18. Nb5 O-O 19. Nxa7
$16) 15. Qxc3 Bxg2 16. Rh5 Bd5 17. Qxc5 Rb7 18. Rd3 Qb8 19. Rxd5 exd5 20. Re3+
Kd8 21. Qxd5+ Kc8 22. Re7 Rb6 23. Qc5 Re6 24. Rxc7+ Kd8 25. Qd5+ Ke8 26. Qd7+
Kf8 27. Qxf7# 1-0

[Event "ICS rated blitz match"]
[Site "207.99.83.227"]
[Date "1999.03.25"]
[Round "?"]
[White "Hossa"]
[Black "WhiteHorse"]
[Result "1-0"]
[WhiteElo "2476"]
[BlackElo "2383"]
[PlyCount "137"]

1. e4 g6 2. Be2 Bg7 3. Nc3 d6 4. Nf3 e5 5. O-O c5 6. d3 Nc6 7. Bg5 f6 8. Be3
Be6 9. a3 Nge7 10. Qd2 Qd7 11. b4 b6 12. bxc5 dxc5 13. Bh6 O-O 14. Bxg7 Kxg7
15. Rab1 Nd4 16. Rb2 Bg4 17. Nxd4 cxd4 18. Bxg4 Qxg4 19. Nb5 Qd7 20. Qb4 Nc6
21. Qd6 Qxd6 22. Nxd6 Rfd8 23. Nc4 Rab8 24. Rb5 Rd7 25. f4 Re8 26. g4 Rde7 27.
Rd5 Rd8 28. g5 exf4 29. gxf6+ Kxf6 30. Rxf4+ Kg7 31. Rxd8 Nxd8 32. Nd6 Ne6 33.
Rf1 Nd8 34. a4 Nb7 35. Nb5 Rd7 36. Nxa7 Nc5 37. Nc6 Nxa4 38. e5 Nc5 39. Rb1 Na4
40. e6 Rd6 41. e7 Re6 42. Rb4 Nc3 43. Rxb6 Nd5 44. Rb7 Nxe7 45. Rxe7+ Rxe7 46.
Nxe7 Kf6 47. Nc6 Kf5 48. Nxd4+ Ke5 49. Nb3 Kd5 50. c4+ Kc6 51. d4 Kd6 52. Na5
h5 53. Kf2 g5 54. c5+ Kd5 55. Ke3 h4 56. c6 Kd6 57. Ke4 g4 58. d5 g3 59. hxg3
hxg3 60. Nc4+ Kc5 61. c7 g2 62. c8=Q+ Kb4 63. Qg4 g1=Q 64. Qxg1 Kc3 65. Qb1
Kxc4 66. d6 Kc5 67. d7 Kc6 68. d8=Q Kc5 69. Qd5# {WhiteHorse checkmated} 1-0

[Event "ICS rated blitz match"]
[Site "207.99.83.227"]
[Date "1999.03.25"]
[Round "?"]
[White "WhiteHorse"]
[Black "Hossa"]
[Result "0-1"]
[WhiteElo "2371"]
[BlackElo "2488"]
[PlyCount "150"]

1. d4 Nf6 2. e3 e6 3. Bd3 Be7 4. f4 c5 5. c3 Nc6 6. Nf3 cxd4 7. exd4 O-O 8. Qe2
b6 9. O-O Bb7 10. Nbd2 Rc8 11. a3 Qe8 12. Ne5 d6 13. Nef3 Nd8 14. Ng5 Bc6 15.
Nge4 Nxe4 16. Nxe4 f5 17. Ng3 Bh4 18. Bd2 Bxg3 19. hxg3 Qg6 20. Kf2 Be4 21.
Rae1 Bd5 22. c4 Bb7 23. Bc3 Rc7 24. Rh1 Be4 25. Bxe4 fxe4 26. Qxe4 Qxe4 27.
Rxe4 Rxc4 28. Rhe1 Rf6 29. Kg1 g5 30. d5 Rxe4 31. Rxe4 Rh6 32. fxg5 Rg6 33.
dxe6 Nxe6 34. Ra4 a5 35. b4 Rxg5 36. bxa5 Nc5 37. Rd4 Rxg3 38. Bb4 bxa5 39.
Bxa5 Rxa3 40. Bb6 Nb7 41. Bc7 Ra6 42. Rb4 Nc5 43. Rd4 Ne6 44. Rg4+ Kh8 45. Rc4
Kg7 46. Rg4+ Kf6 47. Rc4 d5 48. Rh4 Nxc7 49. Rxh7 Ne6 50. Rh6+ Kf5 51. Rh5+ Ng5
52. Rh4 Ra2 53. Rd4 Ke5 54. Rd1 Ne4 55. g4 Nf2 56. Re1+ Kd6 57. g5 Nh3+ 58. Kh1
Nxg5 59. Rg1 Rh2+ 60. Kxh2 Nf3+ 61. Kg2 Nxg1 62. Kxg1 Ke5 63. Kf1 Kd4 64. Ke2
Kc3 65. Kd1 d4 66. Kc1 d3 67. Kd1 d2 68. Ke2 Kc2 69. Ke3 d1=Q 70. Ke4 Qh5 71.
Kf4 Kd3 72. Kg3 Ke3 73. Kg2 Qh4 74. Kg1 Kf3 75. Kf1 75... Qh1# {
WhiteHorse checkmated} 0-1

[Event "ICS rated blitz match"]
[Site "207.99.83.227"]
[Date "1999.03.25"]
[Round "?"]
[White "Hossa"]
[Black "WhiteHorse"]
[Result "1-0"]
[WhiteElo "2499"]
[BlackElo "2360"]
[PlyCount "67"]

1. e4 e5 2. Nf3 d6 3. Be2 c5 4. O-O Nc6 5. Nc3 Be7 6. Nd5 Be6 7. Bb5 Nf6 8.
Bxc6+ bxc6 9. Nxe7 Qxe7 10. d3 Bd7 11. Bg5 h6 12. Bxf6 Qxf6 13. Nd2 O-O 14. Nc4
Rad8 15. Qh5 Be6 16. Na5 Rc8 17. c4 Kh7 18. Rae1 g6 19. Qd1 Qg7 20. Qa4 f5 21.
exf5 gxf5 22. Kh1 Qc7 23. f4 Rfe8 24. fxe5 dxe5 25. Qa3 Qd6 26. Nb7 Qd4 27.
Nxc5 e4 28. dxe4 fxe4 29. Qxa7+ Kg6 30. Rxe4 Qxb2 31. Rxe6+ Kh5 32. Qf7+ Kh4
33. g3+ Kh3 34. Qf5# {WhiteHorse checkmated} 1-0

[Event "ICS rated blitz match"]
[Site "207.99.83.227"]
[Date "1999.03.25"]
[Round "?"]
[White "WhiteHorse"]
[Black "Hossa"]
[Result "0-1"]
[WhiteElo "2350"]
[BlackElo "2509"]
[PlyCount "118"]

1. d4 Nf6 2. g3 e6 3. Bg2 d5 4. c3 Be7 5. f4 O-O 6. Nf3 b6 7. O-O Bb7 8. e3 Ba6
9. Re1 Nc6 10. Bf1 Bxf1 11. Rxf1 Qe8 12. Nbd2 Nd8 13. Qc2 Rc8 14. Ne5 c5 15.
Rf2 cxd4 16. exd4 Nc6 17. Nxc6 Qxc6 18. Rg2 Bd6 19. Nf3 Qc4 20. Bd2 Ne4 21. Re1
Qxa2 22. Bc1 Be7 23. Qe2 a6 24. Nd2 Nxd2 25. Qxd2 Qb1 26. g4 Bh4 27. Rf1 Qe4
28. Re2 Qg6 29. Rg2 Rfe8 30. Qe3 Be7 31. f5 exf5 32. gxf5 Qc6 33. Qh3 Bf6 34.
Kh1 Re4 35. Bg5 Rce8 36. Rfg1 Re1 37. Qg3 Rxg1+ 38. Rxg1 a5 39. Bxf6 Qxf6 40.
Re1 Rxe1+ 41. Qxe1 g6 42. fxg6 hxg6 43. Kg2 Qc6 44. Qe7 Qb5 45. Qa3 f5 46. Qa2
Qe2+ 47. Kg1 Qe3+ 48. Kg2 Qe4+ 49. Kg1 f4 50. Qb3 f3 51. Qd1 Qg4+ 52. Kf1 Qg2+
53. Ke1 f2+ 54. Kd2 f1=Q+ 55. Kc1 Qff2 56. Qb3 Qe1+ 57. Qd1 Qgd2+ 58. Kb1
Qdxd1+ 59. Ka2 59... Qa4# {WhiteHorse checkmated} 0-1

[Event "ICS rated blitz match"]
[Site "207.99.83.227"]
[Date "1999.03.25"]
[Round "?"]
[White "Hossa"]
[Black "WhiteHorse"]
[Result "1-0"]
[WhiteElo "2518"]
[BlackElo "2341"]
[PlyCount "75"]

1. e4 g6 2. Be2 Bg7 3. Nc3 e5 4. Nf3 d6 5. O-O c5 6. d3 Nc6 7. Bg5 f6 8. Be3
Be6 9. Nd5 Nge7 10. c4 O-O 11. Qb3 Rb8 12. Rae1 f5 13. Rd1 f4 14. Bd2 h6 15.
Rde1 g5 16. Bc3 Ng6 17. Nd2 g4 18. Qd1 h5 19. Kh1 Bxd5 20. exd5 Nce7 21. Ne4
Nf5 22. Bxg4 hxg4 23. Qxg4 Qe8 24. Ng5 Rf6 25. Qh3 Nh6 26. Ne4 Rf8 27. Nxd6 Qe7
28. Ne4 Rf5 29. Bd2 Rbf8 30. d6 Qe6 31. a3 b6 32. b4 Rc8 33. bxc5 bxc5 34. Rg1
Nf7 35. Ref1 Rc6 36. g4 fxg3 37. fxg3 Nh6 38. Bxh6 {WhiteHorse resigns} 1-0

[Event "ICS rated blitz match"]
[Site "207.99.83.227"]
[Date "1999.03.25"]
[Round "?"]
[White "egghead"]
[Black "Hossa"]
[Result "1-0"]
[WhiteElo "2425"]
[BlackElo "2526"]
[Annotator "Crafty v16.6"]
[PlyCount "83"]

{annotating for player Hossa using a scoring margin of +0.10 pawns. search
time limit is 12.00} 1. e4 1... c5 2. Nf3 Nc6 3. d4 cxd4 4. Nxd4 Qb6 5. Nb3 Nf6
6. Nc3 e6 7. Bd3 Bb4 8. O-O Bxc3 9. bxc3 Qc7 10. Ba3 Ne5 11. Bc5 d5 ({9:-0.59} 
11... d5 12. exd5 Nxd5 13. c4 Nf4 14. Re1 Nexd3 15. cxd3 b6 16. Bb4 16... Bb7
$14) ({9:+0.03} 11... b6 12. Bd4 O-O 13. f4 Ng6 14. Bxf6 gxf6 15. Qd2 Bb7 16.
Rad1 $10) 12. exd5 Nxd5 13. c4 Nf6 14. Qe2 b6 15. Bb4 Rb8 ({8:-0.81} 15... Rb8
16. Rae1 Nfg4 17. f4 Nxd3 18. cxd3 Nf6 19. f5 19... a5 $16) ({8:-0.35} 15...
Ba6 16. Rae1 Nfg4 17. f4 Nxd3 18. cxd3 h5 19. Qe4 19... Qd8 $14) 16. Rad1 Ba6
17. Nd2 Rc8 18. Ne4 Nxe4 19. Qxe4 Bxc4 20. Bxc4 Nxc4 21. Qg4 Qe5 22. Rfe1 Qf6
23. Qe4 e5 24. Qd5 Qe6 25. Qb5+ Rc6 26. Rd6 Nxd6 27. Qxc6+ Ke7 28. Qc7+ Kf6 29.
Bxd6 Kg6 30. Bxe5 f6 31. Bc3 Qxa2 32. Re7 Qb1+ 33. Be1 Kh5 34. Qc3 Kh6 35. Qh3+
Kg6 36. Qg4+ Kh6 37. Qxg7+ Kh5 38. g4+ Kh4 39. Qxf6+ Kh3 40. Re3+ Kxg4 41. f3+
Kh3 42. Qh6# 1-0

[Event "ICS rated blitz match"]
[Site "207.99.83.227"]
[Date "1999.03.25"]
[Round "?"]
[White "Hossa"]
[Black "WhiteHorse"]
[Result "1-0"]
[WhiteElo "2505"]
[BlackElo "2333"]
[PlyCount "83"]

1. e4 e5 2. Nf3 d6 3. Be2 c5 4. O-O Nc6 5. Nc3 Be7 6. Nd5 Be6 7. Bb5 Nf6 8.
Bxc6+ bxc6 9. Nxe7 Qxe7 10. d3 h6 11. c4 O-O 12. Bd2 Kh7 13. b4 cxb4 14. Bxb4
c5 15. Bc3 Nd7 16. Rb1 Nb6 17. Ba5 Rfb8 18. Nd2 f5 19. Qf3 f4 20. Bxb6 axb6 21.
Rb2 Qf7 22. Nb1 g5 23. h3 h5 24. g4 hxg4 25. hxg4 Kg6 26. Qg2 Rh8 27. Rxb6 Rh4
28. f3 Rah8 29. Rxd6 Kf6 30. Nc3 Qh7 31. Nd5+ Kf7 32. Rb6 Rh1+ 33. Kf2 Rh2 34.
Rb7+ Kg6 35. Rxh7 R8xh7 36. a4 Rxg2+ 37. Kxg2 Ra7 38. Nb6 Kf6 39. Rb1 Ke7 40.
Rb5 Bd7 41. Rxc5 Bxa4 42. Nc8+ {WhiteHorse resigns} 1-0

[Event "ICS rated blitz match"]
[Site "207.99.83.227"]
[Date "1999.03.25"]
[Round "?"]
[White "WhiteHorse"]
[Black "Hossa"]
[Result "1-0"]
[WhiteElo "2324"]
[BlackElo "2514"]
[Annotator "Crafty v16.6"]
[PlyCount "87"]

{annotating for player Hossa using a scoring margin of +0.10 pawns. search
time limit is 12.00} 1. e4 1... d6 2. d4 Nf6 3. Bd3 e5 4. dxe5 dxe5 5. Nc3 Bb4
6. Bd2 O-O 7. a3 Bxc3 ({9:-0.05} 7... Bxc3 8. Bxc3 Nc6 9. Ne2 Bg4 10. f3 Be6
11. O-O Qd6 12. Qd2 $10) ({9:+0.26} 7... Bc5 8. Nf3 Bg4 9. h3 Be6 10. O-O Nc6
11. Ng5 11... Bb3 $10) 8. Bxc3 Nc6 9. Nf3 Bg4 10. h3 Bh5 11. Qe2 Bxf3 ({9:-0.20
} 11... Bxf3 12. Qxf3 Nd4 13. Qe3 c5 14. O-O-O Qd6 15. Kb1 Rad8 16. Bc4 $10) ({
9:+0.03} 11... Nd4 12. Qe3 Bxf3 13. gxf3 Nh5 14. O-O-O Qf6 15. Ba5 Rfc8 16. Be2
Nxe2+ 17. Qxe2 $10) 12. Qxf3 Nd4 13. Qe3 Qd6 14. O-O Rad8 ({9:-0.13} 14... Rad8
15. Qg5 Rd7 16. Rad1 Rfd8 17. Rfe1 Qe6 18. Bb4 18... c6 $10) ({9:-0.02} 14...
Nh5 15. Rfd1 Nf4 16. Bf1 Nxc2 17. Rxd6 Nxe3 18. fxe3 Nxh3+ 19. gxh3 19... cxd6
$10) 15. Rad1 Qc6 ({9:-0.34} 15... Qc6 16. Bb4 Rfe8 17. c3 Ne6 18. b3 Nf4 19.
Bc2 19... a6 $14) ({9:-0.03} 15... Nh5 16. Bxd4 Qxd4 17. Qxd4 exd4 18. f3 Nf4
19. Kf2 Rfe8 20. Kg3 20... g5 $10) 16. Kh1 Rfe8 17. f4 Qe6 18. f5 Qc6 19. g4 h6
20. Kh2 Qa4 21. Rf2 Rd6 22. Rg1 Red8 23. g5 hxg5 24. Qxg5 Ne8 25. f6 Ne6 26.
Qxe5 Qc6 27. fxg7 f6 28. Qh5 N6xg7 29. e5 Qc5 30. Qh7+ Kf7 31. Rgf1 Re6 32.
exf6 Qd6+ 33. Kh1 Qd5+ 34. Rg2 Rxf6 35. Rxf6+ Nxf6 36. Qxg7+ Ke6 37. Qxf6+ Kd7
38. Bf5+ Ke8 39. Qg6+ Ke7 40. Bf6+ Kd6 41. Bxd8+ Qe6 42. Qxe6+ Kc5 43. Be7+ Kd4
44. Qe4# 1-0

[Event "ICS rated bullet match"]
[Site "207.99.83.227"]
[Date "1999.03.26"]
[Round "?"]
[White "Lapinounou"]
[Black "Hossa"]
[Result "0-1"]
[WhiteElo "2177"]
[BlackElo "2427"]
[PlyCount "82"]

1. d3 e5 2. Nc3 Nf6 3. g3 Bb4 4. Bg2 O-O 5. Bd2 d5 6. e4 d4 7. Nce2 Bxd2+ 8.
Qxd2 Nc6 9. f4 Ng4 10. O-O-O Ne3 11. Bf3 Nxd1 12. Qxd1 Nb4 13. Kb1 exf4 14.
gxf4 c5 15. h4 Qa5 16. a3 Nc6 17. f5 Qc7 18. h5 Ne5 19. Bg2 Qb6 20. Nf3 Ng4 21.
Bh3 Nf2 22. Qg1 Nxh1 23. Qxh1 Re8 24. Qg2 Rb8 25. h6 Qxh6 26. Qg3 Bd7 27. Ne5
Bb5 28. Ng4 Qg5 29. Nf4 Bc6 30. Nd5 Bxd5 31. exd5 h5 32. Ne5 Qxg3 33. f6 Rxe5
34. Bc8 Rxc8 35. Ka1 Re1+ 36. Ka2 gxf6 37. Kb3 c4+ 38. Kb4 cxd3 39. Kb5 dxc2
40. b3 Qxb3+ 41. Ka5 41... Rc5# {Lapinounou checkmated} 0-1

[Event "ICS rated bullet match"]
[Site "207.99.83.227"]
[Date "1999.03.26"]
[Round "?"]
[White "Hossa"]
[Black "mk16"]
[Result "1-0"]
[WhiteElo "2433"]
[BlackElo "2147"]
[PlyCount "79"]

1. e4 e6 2. d4 d5 3. Nc3 dxe4 4. Nxe4 Nd7 5. Nf3 Ngf6 6. Nxf6+ Nxf6 7. Bg5 h6
8. Bxf6 Qxf6 9. Bb5+ c6 10. Bc4 Qd8 11. O-O Bd6 12. Re1 O-O 13. Ne5 Bxe5 14.
Rxe5 Qf6 15. Qg4 b5 16. Bb3 Bb7 17. c4 bxc4 18. Bxc4 Rad8 19. Rd1 Rd6 20. Rd3
Rfd8 21. Re4 c5 22. Rf4 Qg5 23. Rg3 Qxg4 24. Rfxg4 g5 25. Ra3 Rxd4 26. Rxd4
cxd4 27. Rxa7 Be4 28. f3 Bg6 29. Bb5 d3 30. Rd7 Rxd7 31. Bxd7 Kf8 32. a3 Ke7
33. Bb5 Kd6 34. b4 Kc7 35. Kf2 Kb6 36. a4 d2 37. Ke2 f5 38. Kxd2 Bf7 39. Bc4 e5
40. a5+ {mk16 resigns} 1-0

[Event "ICS rated bullet match"]
[Site "207.99.83.227"]
[Date "1999.03.26"]
[Round "?"]
[White "mk16"]
[Black "Hossa"]
[Result "0-1"]
[WhiteElo "2142"]
[BlackElo "2438"]
[PlyCount "50"]

1. d4 Nf6 2. Nf3 e6 3. Bg5 Bb4+ 4. c3 Be7 5. e3 O-O 6. Bd3 Nc6 7. Qc2 h6 8.
Bxf6 Bxf6 9. Nbd2 d5 10. e4 dxe4 11. Nxe4 Bd7 12. Nxf6+ Qxf6 13. O-O-O Qf4+ 14.
Kb1 Rfd8 15. Ne5 Nxe5 16. dxe5 Qxe5 17. g4 Bc6 18. Rhg1 Bf3 19. Rde1 Qxh2 20.
g5 h5 21. g6 f6 22. Bc4 Bd5 23. Qb3 Qxf2 24. Bxd5 exd5 25. Qxb7 25... Rab8 {
mk16 resigns} 0-1

[Event "ICS rated bullet match"]
[Site "207.99.83.227"]
[Date "1999.03.26"]
[Round "?"]
[White "Hossa"]
[Black "slo"]
[Result "1-0"]
[WhiteElo "2443"]
[BlackElo "2198"]
[PlyCount "69"]

1. e4 c5 2. Bc4 d6 3. Nf3 e6 4. O-O a6 5. d3 b5 6. Bb3 Nc6 7. a4 Nf6 8. axb5
Na5 9. Ba4 axb5 10. Bxb5+ Bd7 11. Bxd7+ Nxd7 12. Bg5 Be7 13. Bxe7 Qxe7 14. Qd2
Qd8 15. b4 Nc6 16. Rxa8 Qxa8 17. b5 Nce5 18. Nxe5 Nxe5 19. f4 Nd7 20. c4 O-O
21. Nc3 Nb6 22. f5 Qb7 23. fxe6 fxe6 24. Rxf8+ Kxf8 25. Qf4+ Ke7 26. Qh4+ Kf7
27. Qh5+ Kf8 28. Qxh7 Qa7 29. Qh8+ Kf7 30. Qh5+ Kf8 31. Kf2 Qa5 32. Ne2 Qa3 33.
Qh8+ Kf7 34. Qd8 Qa7 35. Qxd6 {slo resigns} 1-0

[Event "ICS rated bullet match"]
[Site "207.99.83.227"]
[Date "1999.03.26"]
[Round "?"]
[White "englishman"]
[Black "Hossa"]
[Result "0-1"]
[WhiteElo "2209"]
[BlackElo "2449"]
[PlyCount "22"]

1. h3 Nf6 2. g4 d5 3. d3 e5 4. a3 Be6 5. e3 Bd6 6. b4 O-O 7. f4 exf4 8. exf4
Nfd7 9. f5 Qf6 10. fxe6 fxe6 11. g5 11... Qf2# {englishman checkmated} 0-1

[Event "ICS rated blitz match"]
[Site "207.99.83.227"]
[Date "1999.03.26"]
[Round "?"]
[White "Hossa"]
[Black "jo"]
[Result "1-0"]
[WhiteElo "2526"]
[BlackElo "2400"]
[PlyCount "47"]

1. e4 c5 2. Bc4 h5 3. Nf3 e6 4. O-O h4 5. d4 cxd4 6. Bg5 Be7 7. Bxe7 Qxe7 8.
Qxd4 h3 9. Qxg7 Qf6 10. Qxf6 Nxf6 11. e5 Ng4 12. Nc3 Nc6 13. Nb5 Ke7 14. Rfe1
hxg2 15. Re2 a5 16. Kxg2 b6 17. h3 Nh6 18. Nd6 Nf5 19. Nxf5+ exf5 20. Rd1 Bb7
21. Kh2 Rag8 22. Bd5 Rh5 23. Bxf7 Kxf7 24. Rxd7+ {jo resigns} 1-0

[Event "ICS rated blitz match"]
[Site "207.99.83.227"]
[Date "1999.03.26"]
[Round "?"]
[White "Hossa"]
[Black "TDChess"]
[Result "0-1"]
[WhiteElo "2536"]
[BlackElo "2631"]
[Annotator "Crafty v16.6"]
[PlyCount "126"]

{annotating for player Hossa using a scoring margin of +0.10 pawns. search
time limit is 12.00} 1. e4 1... e6 2. d4 d5 3. Nc3 Bb4 4. Qg4 Nf6 5. Qxg7 Rg8
6. Qh6 Rg6 7. Qh3 dxe4 8. Nge2 e5 9. Qe3 exd4 10. Nxd4 Qe7 11. Bd2 Bc5 12.
O-O-O ({7:+0.01} 12. O-O-O 12... Ng4 13. Qf4 Bxd4 14. Nd5 Be5 15. Nxe7 Bxf4 16.
Nxc8 16... Nxf2 $10) ({7:+0.41} 12. Na4 12... Nd5 13. Qb3 Bxd4 14. Qxd5 Rd6 15.
Bb5+ 15... Nd7 $14) 12... Qe5 13. Ncb5 Nd5 14. Nf3 Qe7 15. Qb3 exf3 16. Qxf3 c6
17. Re1 Be6 18. Nc3 Nxc3 19. Bxc3 Qg5+ 20. Bd2 Qd5 21. Qxd5 cxd5 22. f4 f5 23.
Bd3 Kf7 24. Re2 Nc6 25. Bc3 Rag8 26. g3 Bb4 27. Be5 h5 28. Bb5 Nxe5 29. Rxe5 h4
30. Bd3 Kf6 31. c3 Bd6 32. Ree1 hxg3 33. hxg3 Rxg3 34. Rh6+ R8g6 35. Rxg6+ Rxg6
36. Rf1 Rg4 37. Be2 Rxf4 38. Rh1 d4 39. cxd4 Rxd4 40. Rh6+ Ke5 41. a3 f4 42.
Bf3 Rc4+ 43. Kd1 b6 44. Rh5+ Kf6 45. Rh6+ Kf5 46. Rh5+ Kg6 47. Rh4 Rc7 48. Kd2
Bf5 49. Bd1 Be5 50. b4 Rc3 51. a4 Rd3+ 52. Kc1 Ra3 53. Kd2 Ra2+ 54. Ke1 Bc3+
55. Kf1 Bd3+ 56. Be2 Bxe2+ 57. Kg2 Kf5 58. Rh7 Bd3+ 59. Kh1 Be4+ 60. Kg1 Bd4+
61. Kf1 Bd3+ 62. Ke1 Bc3+ 63. Kd1 Ra1# 0-1